| 000 | 00727nam a2200241 a 4500 | ||
|---|---|---|---|
| 001 | BRCA_5409 | ||
| 005 | 20190320205050.0 | ||
| 008 | 101210s1905----nyua######---#000-0#eng-# | ||
| 041 | _aeng | ||
| 044 | _anyu | ||
| 050 | 4 |
_aND5850 _b.M37 1905 |
|
| 100 | 1 |
_aMaskell, Alfred _913822 |
|
| 245 | 1 | 0 |
_aIvories _cby Alfred Maskel. |
| 260 |
_aNueva York _bG.P. Putnam´s Sons _c1905 |
||
| 300 |
_axiii, 443 p. _bil., 88 láminas _c26 cm. |
||
| 440 | 0 |
_aThe connoisseur´s library _97490 |
|
| 500 | _aIncluye lista de ilustraciones, lista de los de los objetos de marfil e índice alfabético | ||
| 500 | _aE131 | ||
| 504 | _aBibliografía: p. 431-437 | ||
| 650 | 1 | 4 |
_aMarfiles _xHistoria _93084 |
| 902 | _aGFM | ||
| 942 |
_2lcc _cB |
||
| 999 |
_c5103 _d5103 |
||